| 000 | 00849nam a2200229 a 4500 | ||
|---|---|---|---|
| 001 | 71324 | ||
| 003 | BD-RjUL | ||
| 005 | 20211209082112.0 | ||
| 008 | 170502s1983 bg ||||| |||| 00| 0 ben d | ||
| 020 | _c: Tk.15.00 | ||
| 035 | _a(BD-RjUL)71540 | ||
| 040 |
_aBD-RjUL _bben _cBD-RjUL |
||
| 041 | _aben | ||
| 082 |
_223 _a372.35044095492 _bBAN 1983 |
||
| 245 | 0 | 0 |
_aবাংলাদেশে বিজ্ঞানচর্চা / _cবাংলা একাডেমি |
| 260 |
_aঢাকা : _bবাংলা একাডেমী, _c১৯৮৩ |
||
| 300 |
_a৯৬ পৃ. ; _c২১ সেমি. |
||
| 650 |
_aবিজ্ঞান _9119713 _xঅধ্যায়ন _zবাংলাদেশ |
||
| 650 |
_aScience _9211066 _xStudy and Teaching _zBangladesh |
||
| 710 |
_aবাংলা একাডেমি _9211067 |
||
| 942 |
_2ddc _cBK |
||
| 999 |
_c71324 _d71324 |
||